| 000 | 01599cam a22004574i 4500 | ||
|---|---|---|---|
| 003 | PE-LiUPU | ||
| 005 | 20250731173136.0 | ||
| 008 | 150623s r 000 0 d | ||
| 020 | _a1578470501 | ||
| 035 | _a(Sirsi) i9781578470501 | ||
| 040 |
_aPE-LiUPU _bspa _cPE-LiUPU _erda |
||
| 049 | _aPRUA | ||
| 082 | 0 | 4 |
_a221.077 _bR15 _221 |
| 100 | 1 |
_aRaelly, L. D., _eautor. |
|
| 245 | 1 | 4 |
_aThe god of Daniel / _cL. D. Raelly. |
| 264 | 1 |
_aNampa, Idaho : _bPacific Press Publishing Association, _c1998. |
|
| 300 |
_a62 páginas ; _c20 centímetros |
||
| 336 |
_atext _2rdacontent |
||
| 337 |
_aunmediated _2rdamedia |
||
| 338 |
_avolume _2rdacarrier |
||
| 500 | _aFecha tomada de la contracubierta. | ||
| 505 | 0 | _aA God who lives. -A God who reveals. -A God who delivers. -A God who judges. -A God who redeems. -A God who vindicates. -A God who comes. -A God who enables. | |
| 526 | _aSEG42 | ||
| 526 | _aSEG41 | ||
| 526 | _aSEG40 | ||
| 526 | _aSEG39 | ||
| 526 | _aP94 | ||
| 526 | _aP87 | ||
| 526 | _aP86 | ||
| 526 | _aP85 | ||
| 526 | _aP77 | ||
| 526 | _aP76 | ||
| 526 | _aP35 | ||
| 630 |
_aBiblia. _pA.T. _pDaniel _xComentarios. |
||
| 942 |
_2ddc _cBOOK |
||
| 949 |
_a221.077 R15 _wDEWEY _c1 _i52255 _lCCODEBUL1 _mBUL _p2.00 _r0 _sY _tBOOK _u2015-6-24 _xTEOLOGIA _PP35 _0COMPRA _o.STAFF. Colección General |
||
| 994 |
_aC0 _bPEPRU |
||
| 596 | _a1 | ||
| 999 |
_a221.077 R15 _wDEWEY _c34071 _i52255 _f2021-11-9 _g5 _lCCODEBUL1 _mBUL _p2.00 _r0 _sY _tBOOK _u2015-6-24 _xTEOLOGIA _PP35 _0COMPRA _o.STAFF. Colección General _d34071 |
||
| 980 |
_81 _gALBERTO SANCHEZ Responsable de Automatización |
||